Dôchodkové poistenie - druhý kapitalizačný a tretí dobrovoľný pilier (v súčasnosti) diplomová práca

Guardado en:
Detalles Bibliográficos
Autor principal: Šagátová, Katarína
Autor Corporativo: Národohospodárska fakulta EU. Katedra poisťovníctva
Otros Autores: Littvová, Zuzana
Formato: Libro
Lenguaje:eslovaco
Publicado: Bratislava 2011
Etiquetas: Agregar Etiqueta
Sin Etiquetas, Sea el primero en etiquetar este registro!

MARC

LEADER 00000nbm a2200000 4500
001 0130535
005 20161109101545.4
041 0 |a slo 
044 |a SK 
245 1 0 |a Dôchodkové poistenie - druhý kapitalizačný a tretí dobrovoľný pilier (v súčasnosti)  |b diplomová práca  |c Katarína Šagátová ; školiteľ: Zuzana Littvová 
264 1 |a Bratislava  |c 2011 
300 |a 87 s. 
100 1 |a Šagátová, Katarína 
700 1 |a Littvová, Zuzana 
710 2 |a Národohospodárska fakulta EU. Katedra poisťovníctva